• 首页
  • 本馆介绍
  • 公告通知
  • 最新文献
  • 馆藏检索
  • 电子资源
  • 读者导购
  • 参考咨询
  • 我的图书馆
  • 登录
  • 详细信息显示
  • 放入我的书架
  • 预约/预借图书
  • 作者相关作品
  • 分类相关作品
  • 丛书相关作品
  • 出版社相关作品

书目信息

  • 表格格式
  • 工作单格式
  • 卡片格式
题名:
《唯物主义和经验批判主义》教程
    
 
作者: ;十四所高等院校马克思主义哲学原著教程编写组 编
分册:  
出版信息: 石家庄   河北人民出版社  1984
页数: 268页
开本: 20cm
丛书名:
单 册:
中图分类: A821.2
科图分类:
主题词: 列宁著作研究--单行本
电子资源:
ISBN:
000 00861nam0 2200229 45
001 0184011709
005 20060727173101.57
010    @dCNY1.45
091    @a2086.109
100    @a19960215d1984 em y0chiy0121 ea
101 0  @achi
102    @aCN@b130000
105    @ay z 000yy
200 12 @a《唯物主义和经验批判主义》教程@Awei wu zhu yi he jing yan pi pan zhu yi jiao cheng@f十四所高等院校马克思主义哲学原著教程编写组编@FShi Si Suo Gao Deng Yuan Xiao Ma Ke Si Zhu Yi Zhe Xue Yuan Zhu Jiao Cheng Bian Xie Zu Bian
210    @a石家庄@c河北人民出版社@d1984
215    @a268页@d20cm
517 1  @a唯物主义和经验批判主义教程@Awei wu zhu yi he jing yan pi pan zhu yi jiao cheng
606 0  @a列宁著作研究@x单行本
690    @aA821.2@v3
711 02 @a十四所高等院校马克思主义哲学原著教程编写组@4编
801  0 @aCN@bNLC@c20060727
905    @dA821.2@e11@f1@b172051
    
    《唯物主义和经验批判主义》教程/十四所高等院校马克思主义哲学原著教程编写组编.-石家庄:河北人民出版社,1984
    268页;20cm
    
    
    ISBN :CNY1.45
    
●
相关链接 在E读中查询图书 在五车中查询图书 在当当中查询图书 在豆瓣中查询图书


正题名:《唯物主义和经验批判主义》教程     索取号:A821.2/11         预约/预借

序号 登录号 条形码 馆藏地/架位号 状态 备注
1 0172048   000959760   第一借阅区/ [索取号:A821.2/11] 在馆    
2 0172050   000959804   第一借阅区/ [索取号:A821.2/11] 在馆    
3 0172051   000959840   第一样本阅览室/ [索取号:A821.2/11] 在馆    
4 0440156   204401566   密集书库/ [索取号:A821.2/11] 在馆    
唐山师范学院图书馆 欢迎您!
大连网信软件有限公司© 版权所有